000 01608cam a2200409 i 4500
003 PHURS
005 20221125083353.0
008 180501t20182018aca od 000 0beng d
040 _aANV
_beng
_epn
_cANV
_dJSTOR
_dICN
_dERL
_dOCLCQ
_dOCLCO
_dLOA
_dMERER
_dYDX
_dEZ9
_dU3W
_dOCLCQ
_dOCLCO
020 _a9781760462192
_q(electronic bk.)
020 _a1760462195
_q(electronic bk.)
020 _z9781760462185
020 _z1760462187
050 4 _aCT103
_b.J65 2017eb
100 1 _aJones, Barry O.,
_eauthor.
245 1 0 _aDictionary of world biography /
_cBarry Jones.
250 _aFifth edition.
264 1 _aActon, A.C.T. :
_bANU Press,
_c2018.
264 4 _c©2018
300 _a1 online resource (xiv, 938 pages)
336 _atext
_btxt
_2rdacontent
337 _acomputer
_bc
_2rdamedia
338 _aonline resource
_bcr
_2rdacarrier
490 1 _aANU. Lives series in biography
590 _aJSTOR
_bBooks at JSTOR Open Access
650 0 _aBiography
_vDictionaries.
650 7 _aBIOGRAPHY & AUTOBIOGRAPHY
_xReference.
650 7 _aBiography.
655 4 _aElectronic books.
655 7 _aDictionaries.
710 2 _aAustralian National University Press.
_0http://id.loc.gov/authorities/names/nb2018017990
776 0 8 _iPrint version:
_aJones, Barry O.
_tDictionary of world biography.
_bFifth edition.
_dActon, A.C.T. : ANU Press, 2018
_z9781760462185
_z1760462187
_w(OCoLC)1033545149
830 0 _aANU.Lives series in biography.
_0http://id.loc.gov/authorities/names/no2012142559
856 4 0 _uhttps://www.jstor.org/stable/10.2307/j.ctv1rmjj8
942 _2lcc
_cE-BOOK
994 _a92
_bPHURS
999 _c57421
_d57421